Fictional Species Quiz Stats

 Plays Quiz Updated Oct 5, 2018

Score 0/20 Timer 04:00
1 Play Today
% Correct
Vampires
94.2%
Fairies
92.6%
Hobbits
92.3%
Ogres
92%
Mermaids
90.7%
Elves
89.4%
Dragons
87.8%
Giants
86.8%
Werewolves
82.5%
Genies
78.7%
% Correct
Kryptonians
76.7%
Klingons
68.8%
Ewoks
68%
Goblins
67.9%
Centaurs
66.4%
Na'vi
65.8%
Orcs
64%
Shadowhunters
49.7%
Vulcans
48.3%
Lilliputians
42.9%

You're not logged in!

Compare scores with friends on all Sporcle quizzes.
OR
Log In

Sporcle TV

Today on Sporcle TV


Watch our educational content, quiz creation guides, and fun videos on Sporcle TV.

Show Comments

Extras

Top Quizzes Today


Score Distribution

Your Account Isn't Verified!

In order to create a playlist on Sporcle, you need to verify the email address you used during registration. Go to your Sporcle Settings to finish the process.

Report this User

Report this user for behavior that violates our Community Guidelines.

Details: